000 00337 a2200157 4500
001 161489
020 _a
040 _cMagnum
100 _aSaldanha, Paula
240 1 0 _aEldorado, garimpo coragem
_lpor
245 1 0 _aEldorado, garimpo coragem
362 0 _a1899
440 1 _aFTD
697 _aJ/SOCIEDADE, COTIDIANO
942 _cBK
999 _c161489
_d161489